Botanical gardens and their role in plant conservation Volume 3 European and American botanical gardens

Bibliographic Details
Main Author: Galbraith, David Allan (Author, Editor)
Other Authors: Pullaiah, Thammineni, 1951- (Editor)
Format: Book
Language:English
PhysicalDescription:xiv, 295 strán farebné fotografie, grafy, ilustrácie, mapy 26 cm
Published: Boca Raton Lonodn New York CRC Press, Taylor & Francis Group 2024
ISBN:9781032252223
9781032252940
9781003282556
Edition:First editions published
Subjects:

MARC

LEADER 00000nam a2200000 4500
001 vtls012243325
003 SK-MaSNL
005 20260301171345.0
008 231106s2024 xxuodabfrn 001 0deng
015 |a SNBZSA2024/01 
020 |a 9781032252223  |q (viazané) 
020 |a 9781032252940  |q (pbk) 
020 |a 9781003282556  |q (ebk) 
040 |a SNK  |b slo  |c SNK  |e rda 
041 0 |a eng 
043 |a e------  |a n------  |a s------ 
044 |a xxu  |c US  |a xxk  |c GB 
072 7 |a 58  |x Botanika  |2 konspekt 
080 |a 58:069.029  |2 2011 
080 |a 574.1  |2 2011 
080 |a 502.172:582  |2 2011 
080 |a (4)  |2 2011 
080 |a (7/8)  |2 2011 
080 |a (048.8:082)  |2 2011 
080 |a 582  |2 2011 
080 |a 632.9  |2 2011 
245 0 0 |a Botanical gardens and their role in plant conservation  |n Volume 3  |p European and American botanical gardens  |c edited by T. Pullaiah and David A. Galbraith 
246 3 0 |a European and American botanical gardens 
250 |a First editions published 
264 1 |a Boca Raton  |a Lonodn  |a New York  |b CRC Press, Taylor & Francis Group  |c 2024 
300 |a xiv, 295 strán  |b farebné fotografie, grafy, ilustrácie, mapy  |c 26 cm 
336 |a text  |b txt  |2 rdacontent 
337 |a bez média  |b n  |2 rdamedia 
338 |a zväzok  |b nc  |2 rdacarrier 
500 |a Profesijné údaje o editoroch. Zoznam prospievateľov a ich profesijné pôsobenie 
504 |a Bibliografia za jednotlivými kapitolami. Register 
650 0 7 |a botanické záhrady  |2 SNKPH  |9 69138 
650 0 7 |a Botanical gardens  |2 SNKPHeng  |9 357781 
650 0 7 |a ochrana rastlín  |2 SNKPH  |9 3636 
650 0 7 |a Plant conservation  |2 SNKPHeng  |9 275972 
650 0 7 |a rastliny  |2 SNKPH  |9 690 
650 0 7 |a Plants  |2 SNKPHeng  |9 296405 
650 0 7 |a Biodiversity  |2 SNKPHeng  |9 266352 
650 0 7 |a biodiverzita  |2 SNKPH  |9 3702 
651 7 |a Európa  |2 SNKPHgeo  |9 167569 
651 7 |a Europe  |2 SNKPHeng  |9 56249 
651 7 |a Amerika  |2 SNKPHgeo  |9 43943 
651 7 |a America  |2 SNKPHeng  |9 316699 
655 7 |a kolektívne monografie  |2 SNKPH  |9 249850 
655 7 |a Collective monographs  |2 SNKPHeng  |9 125747 
700 1 |a Galbraith, David Allan  |4 edt  |4 aut  |9 234230 
700 1 |a Pullaiah, Thammineni,  |d 1951-  |4 edt  |9 190738 
852 |a Slovenská národná knižnica 
919 |a 978-1-032-25222-3 
919 |a 978-1-032-25294-0 
919 |a 978-1-003-28255-6 
954 |a odborná, vedecká literatúra cudzojazyčná (svetová)  |2 lita 
954 |a odborná, vedecká literatúra pôvodná (slovenská)  |2 lita 
958 |a ZS 
958 |a NB 
999 |c 830593  |d 832523 
952 |a SNK  |b SNK  |y PREZ  |7 0  |p 17A1538312  |o snkSB 99684  |i snk2023/15914  |8 3  |g 171.21  |0 0  |1 0  |4 0  |d 2023-11-06  |f 1  |l 0  |r 2025-05-22 00:00:00  |w 2026-02-24